Statystyki dla Rekordy lekkoatletyczne według zawodnika i wyniku.

Kliknij tutaj aby rozwiązać quiz!

Ogólne statystyki

  • Ten quiz został rozwiązany 230 razy
  • Średni wynik to 16 z 22

Statystyki odpowiedzi

Zawodnik i jego rekordKonkurencja lekkoatletyczna% Poprawnych
1. Usain Bolt 9,58 sBieg na 100 metrów
100%
2.Usain Bolt 19,19 sBieg na 200 metrów
99%
3.Wayde van Niekerk 43,03 sBieg na 400 metrów
95%
4.David Rudisha 1:40,91 sBieg na 800 metrów
91%
5.Hicham El Guerrouj 3:26,00 sBieg na 1500 metrów
85%
6.Joshua Cheptegei 12:35,36 sBieg na 5000 metrów
81%
7.Joshua Cheptegei 26:11:00 sBieg na 10000 metrów
80%
16.Mike Powell 8,95 mSkok w dal
76%
20.Jurij Siedych 86,74mRzut młotem
72%
21.Jan Železný 98,48mRzut oszczepem
72%
15.Armand Duplantis 6,18 mSkok o tyczce
72%
8.Eliud Kipchoge 2:01:39sMaraton
71%
18.Randy Barnes 23,12 mPchnięcie kulą
70%
19.Jürgen Schult 74,08mRzut dyskiem
70%
14.Javier Sotomayor 2,45 mSkok wzwyż
69%
17.Jonathan Edwards 18,29 mTrójskok
69%
22. Kévin Mayer 9126 pkt.Dziesięciobój
65%
9.Aries Merritt 12,80 sBieg na 110 metrów przez płotki
61%
10.Kevin Young 46,78 sBieg na 400 metrów przez płotki
59%
13.Yohann Diniz 3:32:33 sChód na 50 kilometrów
40%
12.Yusuke Suzuki 1:16:36 sChód na 20 kkilometrów
39%
11.Saif Saaeed Shaheen 7:53,63 sBieg na 3000 metrów z przeszkodami
34%

Rozkład punktacji

Percentyl według liczby udzielonych odpowiedzi

Procent ludzi z każdym wynikiem

Twoja historia wyników

Nie rozwiązałeś tego quizu